000 01305nam a2200313 i 4500
003 DO-SdBNP
005 20260531015055.0
007 ta
008 150806s1974 aco 000 spa d
040 _aDO-SdBNP
_bspa
_cBNPHU
_erda
041 _aspa
082 4 _a726.64097293
_bA367c
_223
100 1 _aAlemar, Luis Emilio,
_910324
_d1883-1945
_eautor
_4aut.
245 1 3 _aLa catedral de Santo Domingo :
_cLuis E. Alemar ; prólogo, Juan T. Tavares K.
_bdescripción histórico - artístico arqueológica de este portentoso templo, primada de las indias /
250 _aPrimera edición
264 _aSanto Domingo, Repúbllica Dominicana :
_bEditora De Santo Domingo, S.A ,
_c1974
300 _a106 páginas :
_bilustraciones, retratos, fotos ;
_c24 cm
336 _2rdacontent
_atexto
_btxt
337 _2rdamedia
_asin mediación
_bn
338 _2rdacarrier
_avolumen
_bnc
500 _aIncluye referencias bibliográficas y notas a pie de las paginas.
590 _aInventariado, 2022/ YL
610 2 0 _aCatedral de Santo Domingo (República Dominicana)
_987444
_xHistoria
650 7 _aCatedrales
_xSanto Domingo
_zRepública Dominicana
_986784
_2lemb
650 7 _alemb
_xArquitectura colonial
_989812
700 1 _aTavares K., Juan T.,
_eprólogo
_982997
910 _aYLockward
942 _2ddc
_cLBS1
999 _c45872
_d45872